[Event "Corus"]
[Site "Wijk aan Zee"]
[Date "2010.01.21"]
[Round "5"]
[White "Van Wely, Loek"]
[Black "Shirov, Alexei"]
[Result "0-1"]
[WhiteElo "2641"]
[BlackElo "2723"]
[Annotator "Van Wely,L"]
[PlyCount "118"]
[EventDate "2010.01.16"]
[EventType "tourn"]
[EventRounds "13"]
[EventCountry "NED"]
[EventCategory "19"]
[SourceTitle "CBM 135"]
[Source "ChessBase"]
[SourceDate "2010.03.17"]
[SourceVersion "1"]
[SourceVersionDate "2010.03.17"]
[SourceQuality "1"]

1. c4 {Marin,M} e5 2. Nc3 Nf6 3. Nf3 Nc6 4. g3 d5 5. cxd5 Nxd5 6. Bg2 Nb6 7.
O-O Be7 8. a3 g5 $5 {Typical Shirov!  Marin,M: 'A very aggressive move, which
usually works better against 8.Rb1.'} 9. d3 ({(Marin,M) In my recent book An
English Repertoire for White, first volume, I recommended} 9. d4) 9... g4 10.
Nd2 h5 11. b4 h4 {This looks threatening, and my friend Vladimir Kramnik
already forsaw me being mated quickly, but ok, he is used to playing the
Petroff, while I am an expert (I am not sure, I should be proud of this) at
having my king in the line of fire :) Anyway it's important not to panic, but
also to calculate very well now.} 12. Nc4 $1 {A good move, preventing ideas
like Qd6-h6.} hxg3 13. hxg3 Nxc4 $6 {Of course Alexei doesn't want to make
this move, but  Marin,M: 'This looks like a positional concession. White
increases his control on light squares and the possibility of exchanging
queens reduces Black's attacking chances. If Black has nothing better, then
Van Wely's reaction to 8...g5 may be just as good as 9.d4.'} (13... Be6 14. b5
Nd4 15. Nxe5 Bf6 16. Bf4 Rh5 17. Nc4 Nxc4 18. dxc4 Bxc4 19. Bxb7 {is probably
just good for White.} (19. Rc1 Qe7)) 14. dxc4 Nd4 15. Nb5 (15. e3 $6 {winning
a pawn, but I didn't fancy those weak white squares, especially against a
player like Alexei, who would have been sooooo happy.} Nf3+ 16. Bxf3 gxf3 17.
Qxf3 Qd3 18. Nd5 Bf5) (15. Bb2 c6 (15... Qd6 16. Nd5 c6 17. Nxe7 Kxe7) 16. Ne4)
(15. Be3 c6 16. b5 c5 17. Nd5 Be6 18. Bxd4 cxd4) 15... Ne6 (15... Nxb5 16. cxb5
a6 17. Bb2) 16. Qc2 $5 {A very ambitious move. The idea is to show that Black
has problems with his queen, however White also had an easier and much more
practical solution.} (16. Qxd8+ $1 Bxd8 (16... Kxd8 17. Rd1+ $16) 17. Be3 a6 (
17... c6 18. Nd6+ Ke7 19. Nxc8+ (19. Rfd1 Bc7 20. Nxc8+ Rhxc8 21. Be4 Nd4 $14)
19... Rxc8 20. Bxa7 b6 21. c5 Nd4 22. Rfd1 b5 23. Ra2 Ra8 24. Bb6 Bxb6 25. cxb6
Rhb8 26. e3 Nf3+ 27. Bxf3 gxf3 28. e4 Rxb6 29. Rd3 Rba6 30. Rxf3 c5 {ok, maybe
if Black is lucky, he can make a draw... well the game continuation is more
serious, taking no half measures :)}) 18. Na7 $1 $16 {this move I overlooked...
.. Black's position is collapsing.}) 16... c6 17. Rd1 Bd7 18. Nd6+ Bxd6 19.
Rxd6 Qe7 20. Qd3 (20. Rd1 {was not a bad option too, but I was already fixated
on the next exchange sac and on battling Alexei with his own weapons :)} Nd4
21. Qb2 Nf5 22. b5) 20... Nd4 21. Rxd4 exd4 22. Qxd4 Rh5 (22... f6 23. Bb2 (23.
Bf4) 23... Kf7 24. Rf1 {with the idea f3 and opening up the f-file.}) 23. Bf4
Qxe2 $5 {I couldn't believe my eyes!, is this really possible?} 24. Rd1 $2 (24.
b5 $1 {was the way to keep the initiative going:} Qe6 25. Rd1 {and now Black
is going to have a really very hard time.}) ({In the post-mortem we thought
that} 24. Bd6 {was very strong, however later analysing with "the beast" I had
to change my opinion by 180 degrees....} Be6 25. b5 c5 26. Qf6 Bxc4 27. Bxb7
Rc8 $3 {after this amasing move , it's White who has to find a way to make a
draw!}) 24... Be6 25. b5 (25. Qd6 Bd5 $1 $19 (25... Qxc4 26. Be5 Rxe5 27. Qxe5)
) (25. Bf1 Qc2 (25... Qf3 26. Bg2 $11) 26. Bd6 $13) 25... Kf8 26. Bf1 (26. bxc6
bxc6 27. Bxc6 Rc8) 26... Qf3 27. Bg2 Qe2 28. Bf1 {In the beginning I was very
optimistic about my chances, but now I was getting short of time, already
happy to make a draw. But Wijk aan Zee is no place for old men...} Qc2 29. bxc6
bxc6 30. Re1 Kg8 31. Bd3 Qb3 32. Bd2 (32. Bc1 c5) 32... c5 {Clearly White has
lost the thread of the game, and Black is taking over.} 33. Qd6 Bxc4 $2 (33...
Bd5 $1 {I had already seen that} 34. cxd5 Qxd3 35. Qf4 Qf3 {was bad news, but
too late to stop it now.}) 34. Be4 $2 {Since I had been expecting ...Bd5, I
was happy to put my bishop on the diagonal, completely overlooking his next
move, if I hadn't, I am sure I would have looked further, and I am sure,
although being in time trouble, I would have found the inclusion of} (34. Bg6
$1 Rh3 35. Be4 Re8 36. Qf4 {and now its a completely different game, where
White has as a minimum a draw.} (36. Qf6) (36. Rb1 $1)) 34... Bd5 {Game over.}
35. Qf4 Bxe4 36. Rxe4 Qd1+ (36... f5 37. Qd6) 37. Be1 Qf3 38. Qxg4+ Qxg4 39.
Rxg4+ Kf8 40. Bd2 Rc8 41. Rc4 Ke7 42. g4 Rd5 43. Be3 Kd6 44. Kf1 Rd1+ 45. Ke2
Ra1 46. Ra4 c4 47. Kd2 c3+ 48. Kc2 Ra2+ 49. Kd3 c2 50. Bc1 Ra1 51. Rd4+ Ke6 52.
Re4+ Kf6 53. Re1 Rb1 54. Kd2 Rb7 55. Re3 Kg5 56. f3 Kf4 57. Rd3 Kg3 58. Ke2
Re7+ 59. Kd2 Kf2 0-1

[Event "URS-ch49 Semifinal"]
[Site "Beltsy"]
[Date "1981.07.??"]
[Round "?"]
[White "Vasiukov, Evgeni"]
[Black "Kochyev, Alexander"]
[Result "1-0"]
[WhiteElo "2545"]
[BlackElo "2540"]
[Annotator "Vasiukov,E"]
[PlyCount "103"]
[EventDate "1981.07.01"]
[EventType "tourn"]
[EventRounds "15"]
[EventCountry "URS"]
[EventCategory "7"]
[SourceTitle "EXT 2009"]
[Source "ChessBase"]
[SourceDate "2008.11.26"]
[SourceVersion "1"]
[SourceVersionDate "2008.11.26"]
[SourceQuality "1"]

1. c4 e5 2. Nc3 Nf6 3. Nf3 Nc6 4. g3 Nd4 5. Bg2 Nxf3+ 6. Bxf3 Bb4 7. O-O O-O 8.
d3 c6 9. Bd2 Re8 10. Bg2 h6 11. Rc1 Bxc3 12. Bxc3 d5 13. cxd5 cxd5 14. Qb3 d4
15. Bd2 Bg4 16. Rfe1 Rb8 17. Qa3 $1 a6 (17... Qb6 $2 18. Ba5 Qa6 19. Bc7) 18.
Qa5 Be6 $16 19. Qxe5 Bxa2 20. Qc5 Qd7 21. Qb6 (21. Qb4 $142 {/\23.b3}) 21...
Re5 22. Bxh6 $1 Rbe8 (22... Rb5 23. Qa7 Qd8 24. Bf4 Ra8 25. Bc7 $1) 23. Bf4
Rxe2 24. Rxe2 Rxe2 25. h3 $1 Bd5 26. Qxd4 Qe6 27. Bf1 $1 Re1 28. Rxe1 Qxe1 29.
Be5 Qd1 30. Qe3 Ne8 31. Qe2 Qxe2 32. Bxe2 f6 33. Bf4 Kf7 34. h4 Ke6 35. Kf1 Nd6
36. Bg4+ f5 37. Bd1 a5 38. Bd2 b6 39. h5 Nb7 40. Ke2 Kf7 41. Ke3 Nc5 42. Kd4
Ke6 43. Bc3 Bg2 44. Ke3 Kf7 45. f3 Bf1 46. Bd2 f4+ 47. gxf4 Nd7 48. Bb3+ Kf8
49. f5 Bh3 50. Kf4 Bf1 51. d4 Be2 52. d5 1-0

[Event "Gibraltar Masters 11th"]
[Site "Caleta"]
[Date "2013.01.26"]
[Round "5"]
[White "Vitiugov, Nikita"]
[Black "Swiercz, Dariusz"]
[Result "1-0"]
[WhiteElo "2694"]
[BlackElo "2627"]
[Annotator "Vitiugov,N"]
[PlyCount "81"]
[EventDate "2013.01.22"]
[EventType "swiss"]
[EventRounds "10"]
[EventCountry "GGB"]
[SourceTitle "CBM 153"]
[Source "ChessBase"]
[SourceDate "2013.03.14"]
[SourceVersion "1"]
[SourceVersionDate "2013.03.14"]
[SourceQuality "1"]

{This game was played in the fifth round. We both had 100%, but I guess nobody
was going to hold back. Diese Partie wurde in der fünften Runde gespielt. Wie
hatten beide 100%, aber ich schätze, zurückstecken wollte niemand.} 1. c4 {
A solid opening choice against my young opponent. A solid opening choice
against my young opponent.} Nf6 2. Nc3 e5 3. Nf3 Nc6 4. g3 d5 5. cxd5 Nxd5 6.
Bg2 Nb6 7. O-O Be7 8. a3 O-O 9. b4 f6 10. d3 Be6 11. Ne4 {Anand's move - is
there a better recommendation? Anands Zug - gibt es eine bessere Empfehlung?}
Qd7 {I don't like this move. Dieser Zug gefällt mir nicht.} ({I think Topalov
played more logically - Ich finde, Topalov spielte logischer -} 11... Qe8 12.
Nc5 Bxc5 13. bxc5 Nd5 14. Bb2 Rd8 15. Qc2 Nde7 16. Rab1 Ba2 17. Rbc1 Qf7 18.
Bc3 Rd7 19. Qb2 Rb8 20. Rfd1 Be6 21. Rd2 {with a slightly better position for
White in Anand,V (2787)-Topalov,V (2805)/Sofia 2010. mit leicht besserer
Stellung für Weiß in Anand,V (2787)-Topalov,V (2805)/Sofia 2010.}) 12. Qc2 a5
$6 {Darek tries to play very concrete chess, but it isn't the best strategy in
this type of position. Darek versucht, sehr konkretes Schach zu spielen, aber
das ist in diesem Stellungstyp nicht die beste Strategie.} 13. b5 ({Another
option is Eine andere Option ist} 13. Nc5 Bxc5 14. bxc5 Nd5 15. Rb1 Rab8 16.
Bd2 {and the pawn on a5 wouldn't be Black's dream. , und der Bauer auf a5 ist
nicht gerade der Traum von Schwarz..}) 13... Nd4 $2 {Very natural, but White
has almost a winning position after this move. At least, an extra pawn. Sehr
natürlich, aber nach diesem Zug hat Weiß fast eine Gewinnstellung. Zumindest
einen Mehrbauern.} (13... Na7 14. a4 Nd5 15. Nc5 $2 (15. d4 $36) 15... Bxc5 16.
Qxc5 b6 17. Qc2 c6 18. bxc6 Nxc6 19. Qb2 Rac8 20. Bd2 Ncb4 $15 {Holzke,F (2508)
-Tate,A (2350)/Plovdiv 2012 Holzke,F (2508)-Tate,A (2350)/Plovdiv 2012}) 14.
Nxd4 exd4 15. Nc5 (15. a4 $6 {was too slow: war zu langsam:} Bd5 $1 {Here
Black is first on the key diagonal - Hier ist Schwarz zuerst auf der
Schlüsseldiagonalen -} 16. Nc5 Bxc5 17. Qxc5 Bxg2 18. Kxg2 Rfe8 $36) 15... Bxc5
16. Qxc5 Na4 (16... Bd5 {doesn't work: funktioniert nicht:} 17. Bxd5+ Nxd5 (
17... Qxd5 18. Qxd5+ Nxd5 19. Bb2 Rfe8 20. Rfe1 $16) 18. Bb2 b6 19. Qc4 $1 $16)
17. Qc2 Qxb5 (17... Nc3 $2 {was quite stupid: war ganz dumm:} 18. Bxb7 Qxb5 19.
Bxa8 Rxa8 20. Bb2 $18) 18. Rb1 Qd7 {The position looks very complex, but the
next two moves make it more clear. Die Stellung wirkt sehr komplex, aber die
nächsten zwei Züge machen sie klarer.} 19. Bd2 $1 {My opponent said after the
game, he had overlooked this move. Probably, the best white move in this game.
Black's counterplay is totally killed - the knight can not go to c3. And the
white pieces have a very high level of potential energy. Mein Gegner sagte
nach der Partie, dass er diesen Zug übersehen hätte. Wahrscheinlich der beste
weiße Zug in dieser Partie. Das Gegenspiel von Schwarz wird total getötet -
der Springer kann nicht nach c3. Und die weißen Figuren haben einen sehr hohen
Grad an potentieller Energie.} (19. Rxb7 Nc3 20. Bb2 (20. e3 {The computer
recommends this artificial move. Diesen künstlichen Zug empfiehlt der Computer.
} Rfc8 21. exd4 Bd5 22. Bxd5+ Qxd5 23. Rb2 Nb5 24. Be3 {with some pressure mit
etwas Druck.}) 20... Bd5 21. Bxd5+ Qxd5 22. Rxc7 Qe5 $1 $11) (19. Bxb7 Nc3 20.
Bxa8 Rxa8 21. Ra1 Rb8 {I was not sure Black has full compensation here, but he
has some active moves and a plan. Ich war nicht sicher, ob Schwarz hier volle
Kompensation besitzt, aber er hat ein paar aktive Züge und einen Plan.}) 19...
Nb6 (19... Ra7 {doesn't help, but anyway was better. hilft nicht, war aber
trotzdem besser.} 20. Rxb7 Rxb7 21. Bxb7 c5 22. Rb1 Rb8 23. Bf3 Rb5 24. Bxa5 $1
$16) 20. Rfc1 $1 {No hurry. Keine Eile.} Rf7 21. Bxb7 Ra7 22. Bc6 Qd6 23. Qc5 {
Due to the rook on c1 White has this important move. The game is almost
decided. Dank des Turms auf c1 hat Weiß diesen wichtigen Zug. Die Partie ist
praktisch entschieden.} Qxc5 24. Rxc5 a4 25. Rb4 $18 {White's moves are very
natural. Black is absolutely helpless. Die Züge von Weiß sind sehr natürlich.
Schwarz ist absolut hilflos.} Nd7 26. Rc1 Ne5 27. Bxa4 Rf8 28. Rxd4 Rfa8 29.
Bd1 Rxa3 30. f4 $6 {The only white inaccuracy in the game.  Die einzige weiße
Ungenauigkeit in der Partie.} ({Of course, Natürlich gewinnt} 30. Rxc7 Ra1 31.
Bc1 {wins, but not immediately - White loses coordination for some time, but
without any consequences. , allerdings nicht sofort - Weiß verliert eine
Zeitlang die Koordination, aber ohne jegliche Konsequenzen.}) 30... Ra2 31. Be1
Ra1 32. Rd8+ Rxd8 33. Rxa1 {The evaluation didn't change, but if Black had
played more tenaciously it might not have been so easy. Die Einschätzung hat
sich nicht geändert, aber wenn Schwarz zäher gespielt hätte, wäre es eventuell
nicht so leicht gewesen.} Nd7 34. Ra6 Nb6 35. Ba5 Ra8 $6 {The last mistake.
Der letzte Fehler.} ({After Nach} 35... Rb8 {White should still work a little
bit. müsste Weiß noch ein bisschen arbeiten.}) 36. Rxa8+ Nxa8 {Now it is over
- the bishop ending is losing.  Jetzt ist es vorbei - das Läuferendspiel ist
verloren.} 37. Ba4 Kf7 38. Kf2 Ke7 39. e4 Kd6 40. Bb4+ c5 41. Ba5 1-0

[Event "EU-Cup 25th"]
[Site "Ohrid"]
[Date "2009.10.09"]
[Round "6.2"]
[White "Vitiugov, Nikita"]
[Black "Bacrot, Etienne"]
[Result "1-0"]
[WhiteElo "2681"]
[BlackElo "2709"]
[Annotator "Vitiugov,N"]
[PlyCount "79"]
[EventDate "2009.10.04"]
[EventType "team-swiss"]
[EventRounds "7"]
[EventCountry "MKD"]
[SourceTitle "CBM 133"]
[Source "ChessBase"]
[SourceDate "2009.11.19"]
[SourceVersion "1"]
[SourceVersionDate "2009.11.19"]
[SourceQuality "1"]
[WhiteTeam "St Petersburg"]
[BlackTeam "Baden-Baden"]
[WhiteTeamCountry "RUS"]
[BlackTeamCountry "GER"]

1. c4 Nf6 2. Nc3 e5 3. Nf3 Nc6 4. g3 g6 {A rare continuation, however Etienne
employs it regulary.} 5. d4 {The most appropriate reaction.} exd4 6. Nxd4 Bg7
7. Bg2 (7. Nxc6 $5 dxc6 8. Qxd8+ Kxd8 {And the position looks slightly like a
Berlin endgame.}) 7... O-O 8. O-O Re8 9. Nc2 (9. e3 Nxd4 10. exd4 d6 11. h3 c6
12. Bg5 h6 13. Be3 Be6 14. d5 cxd5 15. cxd5 Bf5 16. Qd2 Qd7 17. Kh2 h5 $132 {
1/2 Tomashevsky,E (2524)-Novikov,S (2512)/Sochi 2005/CBM 107 (20)}) (9. Nxc6
dxc6 10. Bf4 Qe7 11. Qc1 Qc5 12. b3 Qh5 13. e4 Bh3 14. f3 Rad8 15. e5 Bxg2 16.
Kxg2 g5 17. exf6 Bxf6 18. g4 Qg6 19. Bg3 Qd3 20. Nd1 Bxa1 21. Nf2 Qe2 22. Qxa1
Re6 $13 {1/2 Georgiev,K (2650)-Akopian,V (2646)/Las Vegas 1999/CBM 072 (54)})
9... d6 10. h3 $6 {An unsuccessful idea. The control over the g4-square is not
so necessary, but the weakness of the h3-pawn will be important in the future}
({The main line is} 10. b3 Bf5 11. Bb2 Be4 (11... Ne4 12. Bxe4 Bxe4 13. Ne3 Nd4
14. Nxe4 Rxe4 15. Qd3 Qe8 16. Rad1 c6 17. Rd2 Qe6 18. Ng2 $36 {1/2 Gelfand,B 
(2704)-Bacrot,E (2653)/Albert 2002/CBM 092/[Gelfand] (45)}) 12. Nxe4 Nxe4 13.
Bxg7 Kxg7 14. Ne3 a5 15. Nd5 Nf6 16. Nc3 h5 17. h3 Qe7 18. Qd2 Qe5 19. Rac1 a4
$13 {1/2 Psakhis,L (2560)-Akopian,V (2655)/Elista 1998/CBM 066 ext (26)}) 10...
Be6 ({against Bischoff, Etienne played -} 10... Rb8) ({against Taimanov -} 
10... a5) 11. Ne3 Rb8 $1 {A strong, but standard idea.} 12. Rb1 {At the
beginning of this game White acted rather slowly. Maybe, that somehow amused
his opponent and he quite fairly decided to punish White for it.} ({An
interesting variation is possible after} 12. Ned5 Ne5 13. b3 Nxc4 $1 (13... b5
14. Nxf6+ Bxf6 15. Nxb5 Nxc4 16. Nd4) 14. bxc4 Nxd5 15. cxd5 Bxc3 16. dxe6 Bxa1
17. exf7+ Kxf7 18. Be3 Bf6 19. Bxa7 Ra8 20. Qb3+ Kf8 21. Qxb7 Rxe2 22. Qxa8
Qxa8 23. Bxa8 Rxa2 24. Bb8 Rxa8 25. Bxc7 $11) 12... a6 13. Kh2 (13. Ned5 Ne5
14. b3 b5 $132) 13... Ne5 (13... h5 $5 14. b3 $140 h4 15. g4 $2 Nxg4+) 14. b3
b5 {Consistent, but risky.} 15. cxb5 axb5 16. f4 Ned7 (16... Nh5 $1 17. Ne4 (
17. fxe5 $2 Bxe5 $40) 17... d5 18. Ng5 d4 19. Nc2 d3 (19... Bf5 20. fxe5 Bxe5
21. Rxf5 gxf5 22. Bc6 Nxg3 23. Kg2 $13) 20. Ne3 $13) 17. f5 gxf5 18. Nxf5 Bxf5
19. Rxf5 {Suddenly the white position has become better.} Re5 20. Qc2 Qe8 $6 (
20... b4 $5 21. Rxe5 (21. Nd5 Nxd5 22. Bxd5 Rxf5 23. Qxf5 Qe8) 21... Nxe5 22.
Nd5 Nxd5 23. Bxd5 Qe7 $13) 21. Bf4 Rxf5 (21... Rc5 $6 22. Rxc5 Nxc5 23. Rf1 $14
) 22. Qxf5 Qe6 (22... b4 23. Nb5 Qxe2 24. Nxc7) 23. Qxe6 fxe6 24. b4 (24. Bc6
b4 25. Nb5 Nc5 (25... Rb6 26. Bxd7 Nxd7 27. Nxc7 d5) 26. Nxc7 Rc8 27. Bxd6 Nfe4
28. Bxe4 Nxe4 29. Nb5 Nxd6 30. Nxd6 Rc2 31. Kg2 Rxe2+ 32. Kf3 Rxa2 $11) (24.
Rc1 $5) 24... Nh5 $6 {Rather principled, but bad.} (24... Ng4+ $5 25. hxg4 Bxc3
26. Rc1 Bxb4 27. Rxc7 Nf6 28. Re7 (28. g5 Nd5 29. Rd7 Nxf4 30. gxf4 Bd2 31. Kg3
Rf8 32. Bh3 Bxf4+ 33. Kh4 Re8 34. Kh5 $44) 28... e5 29. Bg5 Nxg4+ 30. Kh3 Nf2+
31. Kh4 e4 32. Be3 d5 33. Rd7 Nd1 34. Bd4 $36) (24... Nf8 $5 25. Rc1 Ng6 26.
Be3 $14) 25. Nxb5 Nxf4 $2 (25... Rxb5 $5 26. Bc6 Re5 $1 27. Bxe5 Nxe5 28. Bf3 (
28. Rc1 $5 Bh6 $1 (28... d5 29. a4 Nc4 30. a5 Bd4 31. e4 $36) 29. Rc2 Nf6 30.
Bb7 $5 (30. a4 Kf8 $13) 30... Ne8 31. Ba6 $36) 28... Nf6 29. a4 Nxf3+ 30. exf3
Nd5 31. a5 Kf7 32. b5 Bd4 33. f4 $14) 26. gxf4 Rxb5 27. Bc6 Rf5 28. Bxd7 Kf7 $2
({More chances for a draw gave} 28... Rxf4 29. Bxe6+ Kf8) 29. e3 $1 $16 Rd5 30.
Rc1 c5 31. bxc5 dxc5 32. Bb5 Rd2+ 33. Kg3 Rxa2 34. Rxc5 Ra3 35. Rc7+ {It is
very hard psychologically to defend such a position. It was maybe because of
this that Bacrot lost so rapidly from here.} Kf6 ({I would prefer} 35... Kf8
36. Kf2) 36. Kf3 Bf8 37. Rc6 $18 {It is not possible to save the e6-pawn.} Ra7
38. Bc4 Re7 39. e4 Bh6 40. e5+ {After the game I was more glad with the result
than with the quality of my play. Though, what is really important in team
competitions is the result.} 1-0

[Event "Bonn GSK"]
[Site "Bonn"]
[Date "1995.??.??"]
[Round "10"]
[White "Heinbuch, Detlef Ulrich"]
[Black "Kveinys, Aloyzas"]
[Result "1/2-1/2"]
[WhiteElo "2355"]
[BlackElo "2525"]
[Annotator "Von Gleich,A"]
[PlyCount "85"]
[EventDate "1995.??.??"]
[EventType "tourn"]
[EventRounds "11"]
[EventCountry "GER"]
[EventCategory "8"]
[SourceTitle "CBM 045"]
[Source "ChessBase"]
[SourceDate "1995.04.01"]
[SourceVersion "1"]
[SourceVersionDate "1995.04.01"]
[SourceQuality "1"]

1. c4 e5 2. Nc3 Nf6 3. g3 d5 4. cxd5 Nxd5 5. Bg2 Nb6 6. Nf3 Nc6 7. d3 Be7 8. a3
a5 9. O-O O-O 10. Be3 Bg4 11. Rc1 Re8 12. Na4 Nd5 13. Bd2 Rb8 14. Rxc6 Bxf3 15.
Bxf3 bxc6 16. Qc2 Qd6 17. Rc1 Rb5 18. e4 Nf6 19. Be3 Rbb8 20. Be2 Nd7 21. Qd2
h6 22. h4 Ra8 23. Rc4 Qe6 24. Qd1 Reb8 25. Bg4 Qd6 26. Qc2 Ra6 27. Kg2 Rd8 28.
d4 Qf6 29. Be2 exd4 30. Bxd4 Qd6 31. f4 c5 32. Nxc5 {[#]} Nb6 33. Rc3 (33. Nb7
Nxc4 34. Nxd6 Raxd6 35. Bf2 Rd2) 33... Ra7 34. Be3 a4 35. Nd3 (35. Nxa4 Nxa4
36. Rd3) 35... Qe6 36. Ne5 Bf6 37. Rxc7 Bxe5 38. Rxa7 Bd4 39. Bxd4 Rxd4 40. Ra6
(40. Rb7 Nc4 41. Rb8+ Kh7 42. Kf3) 40... Rxe4 41. Bf3 (41. Bg4 Rc4 42. Qh7+
Kxh7 43. Bxe6 fxe6 44. Rxb6 Rc2+ 45. Kf3 Rh2 46. b4 axb3 47. Rxb3 $18) 41...
Rd4 42. Ra7 Qe3 43. Ra8+ 1/2-1/2

[Event "Norway Chess 6th"]
[Site "Stavanger"]
[Date "2018.06.01"]
[Round "4"]
[White "Anand, Viswanathan"]
[Black "So, Wesley"]
[Result "1/2-1/2"]
[WhiteElo "2760"]
[BlackElo "2778"]
[Annotator "Yermolinsky,A"]
[PlyCount "70"]
[EventDate "2018.05.28"]
[EventType "tourn"]
[EventRounds "9"]
[EventCountry "NOR"]
[EventCategory "22"]
[SourceTitle "CBM 185"]
[Source "ChessBase"]
[SourceDate "2018.07.13"]
[SourceVersion "1"]
[SourceVersionDate "2018.07.13"]
[SourceQuality "1"]

1. c4 Nf6 2. Nc3 e5 3. Nf3 Nc6 4. g3 d5 5. cxd5 Nxd5 6. Bg2 Nb6 7. O-O Be7 8.
d3 O-O 9. Be3 Be6 10. Rc1 Nd5 11. Nxd5 Bxd5 {In this line White gets himself a
comfortable Dragon with some tempi ahead thanks to Black's Nd5-b6-d5, but what
is a comfortable position for Black may not be fully satisfactory from White's
point of view.} 12. Qc2 ({More common is} 12. Qa4 {After} a6 13. a3 Re8 14. Nd2
Bxg2 15. Kxg2 Nd4 {So-Topalov, Sinquefield Cup 2016, Black equalized. Wesley
managed to win that game, but today he was willing to be on the other side.})
12... Re8 13. a3 a5 {A bit unusual.} 14. Qa4 {Vishy is trying to exploit a
minor weakening of the light squares caused by the ...a5-move.} Bd6 15. Ng5
Bxg2 16. Qc4 $5 {Fancy but rather harmless.} Qe7 17. Kxg2 Nd4 18. Ne4 Ne6 19.
Qd5 f5 {Wesley So invites concrete play.} ({Also possible was} 19... Red8) 20.
Nxd6 Qxd6 21. Qxb7 (21. Qxd6 cxd6 22. Rc3 {wins White the c-file, but Black
isn't without chances:} f4 23. Bd2 Nd4 24. Rc7 Nxe2 25. Rxb7 Rf8 26. Rb6 f3+
27. Kh3 Rf6 {The position of the white king is a bit unnerving.}) 21... Rab8
22. Qf3 f4 $1 {The ensuing complication were well worked out by both players.}
23. Bd2 Nd4 24. Qe4 Rxb2 25. Bxf4 Nxe2 (25... Rxe2 26. Be3 Rf8 {would likely
have forced repetition after} 27. Rce1 Ra2 28. Ra1 Re2 {etc.}) 26. Rc6 Nxf4+
27. gxf4 Qd7 28. Qc4+ (28. fxe5 Rxe5 29. Qc4+ Qd5+ 30. Qxd5+ Rxd5 31. Rxc7 {
is a sure draw for Black, as long as he avoids} Rxd3 $6 32. Re1) 28... Kh8 29.
fxe5 Rc2 {Neat!} 30. Qxc2 Qg4+ 31. Kh1 Qf3+ 32. Kg1 Rxe5 33. Rc5 Qg4+ 34. Kh1
Qf3+ 35. Kg1 Qg4+ 1/2-1/2